|
|
|
|
| LEADER |
00000cab a2200000 a 4500 |
| 003 |
Ucuenca |
| 005 |
20230308202108.0 |
| 008 |
000000| ||||||||r|||||||||||spa|| |
| 040 |
|
|
|b spa
|
| 041 |
1 |
|
|a spa
|
| 082 |
0 |
|
|a 330.5
|b B192c
|
| 100 |
1 |
|
|a Pérez Granja, Galo
|9 203533
|
| 245 |
|
|
|a Un modelo de demanda monetaria para Ecuador
|c Galo Pérez Granja
|h imp
|
| 264 |
|
|
|a Quito
|b Banco Central
|c Junio 1981
|
| 300 |
|
|
|a páginas: 59-72
|
| 362 |
|
|
|a no. 6 (junio 1981)
|
| 650 |
1 |
|
|a Revista cuestiones economicas
|9 175164
|
| 650 |
1 |
|
|a Tasas de interes
|9 48216
|
| 650 |
1 |
|
|a Activos financieros
|9 49339
|
| 650 |
1 |
|
|a Teoria cuantitativa
|9 66832
|
| 852 |
|
|
|a UC-CDJBV
|f Donación
|l 1
|m General
|p 00000000
|r 2
|b 0
|d CDRC
|e CDRC
|g 330.5 B192c TERCER PISO (SECCION REVISTAS)
|z 0000-00-00
|
| 942 |
|
|
|c SERA
|
| 773 |
0 |
|
|0 151475
|9 136141
|a Banco Central del Ecuador
|d Quito Banco Central del Ecuador Junio 1981
|o 117853
|t Cuestiones Económicas
|
| 999 |
|
|
|c 100318
|d 100318
|